[Event "HUN-chT2 Charousek 1819"]
[Site "Hungary"]
[Date "2018.09.23"]
[Round "1.12"]
[White "Balsai, Nikolett"]
[Black "Laszlo, Laura"]
[Result "1-0"]
[WhiteElo "2042"]
[BlackElo "1754"]
[PlyCount "31"]
[EventDate "2018.09.23"]
[EventType "team-tourn"]
[EventRounds "11"]
[EventCountry "HUN"]
[SourceTitle "CBM 189 Extra"]
[Source "ChessBase"]
[SourceDate "2019.06.03"]
[SourceVersion "1"]
[SourceVersionDate "2019.06.03"]
[SourceQuality "1"]
[WhiteTeam "Aquaprofit Nagykanizsa II"]
[BlackTeam "Budapest HUSI"]
[WhiteTeamCountry "HUN"]
[BlackTeamCountry "HUN"]

1. e4 c5 2. Nc3 Nc6 3. g3 Nf6 4. Bg2 e6 5. Nge2 d5 6. exd5 exd5 7. d4 Be6 8. Bg5 cxd4 9. Nxd4 Qb6 10. Bxf6 gxf6 11. Nxe6 fxe6 12. Qh5+ Kd7 13. 0-0-0 Bd6 14. Qf7+ Ne7 15. Bh3 Be5 16. Rxd5+ 1-0

[Event "HUN-chT2 Charousek 1718"]
[Site "Hungary"]
[Date "2017.12.17"]
[Round "4.9"]
[White "Domany, Zsofia"]
[Black "Balsai, Nikolett"]
[Result "1-0"]
[WhiteElo "2159"]
[BlackElo "2047"]
[PlyCount "81"]
[EventDate "2017.10.29"]
[EventType "team-tourn"]
[EventRounds "9"]
[EventCountry "HUN"]
[SourceTitle "EXT 2020"]
[Source "ChessBase"]
[SourceDate "2019.10.17"]
[SourceVersion "1"]
[SourceVersionDate "2019.10.17"]
[SourceQuality "1"]
[WhiteTeam "Gyor Szechenyi"]
[BlackTeam "Penzugyor"]
[WhiteTeamCountry "HUN"]
[BlackTeamCountry "HUN"]

1. e4 c5 2. Nf3 Nc6 3. d4 cxd4 4. Nxd4 Nf6 5. Nc3 e5 6. Ndb5 d6 7. Bg5 a6 8. Na3 b5 9. Nd5 Be7 10. Bxf6 Bxf6 11. c3 Bg5 12. Nc2 Rb8 13. a4 bxa4 14. Ncb4 Nxb4 15. Nxb4 Rb6 16. Qxa4+ Bd7 17. Qc2 0-0 18. Bxa6 f5 19. Nd5 Rb8 20. exf5 Bxf5 21. Qe2 Qd7 22. 0-0 Bg4 23. f3 Be6 24. Rfd1 Qf7 25. Bc4 Kh8 26. b3 Qh5 27. Ra6 Rbd8 28. Nc7 Bxc4 29. bxc4 Qh6 30. Nd5 Rc8 31. Rb1 Rc5 32. Rb5 Rcc8 33. c5 Rfd8 34. c6 Qe6 35. c4 Rf8 36. Rb7 Ra8 37. Nc7 Qf5 38. Rxa8 Bd8 39. Rbb8 Qg5 40. Qe1 Qe7 41. Nd5 1-0

[Event "Budapest Karacsonyi op 8th"]
[Site "Budapest"]
[Date "2016.12.30"]
[Round "6"]
[White "Karacsonyi, Kata"]
[Black "Balsai, Nikolett"]
[Result "0-1"]
[WhiteElo "1602"]
[BlackElo "1972"]
[PlyCount "94"]
[EventDate "2016.12.27"]
[EventType "swiss"]
[EventRounds "7"]
[EventCountry "HUN"]
[SourceTitle "CBM 176 Extra"]
[Source "ChessBase"]
[SourceDate "2017.03.02"]
[SourceVersion "1"]
[SourceVersionDate "2017.03.02"]
[SourceQuality "1"]

1. e4 c5 2. Nf3 a6 3. c3 g6 4. d4 cxd4 5. cxd4 d5 6. e5 Bg4 7. Nc3 e6 8. Be2 Bxf3 9. Bxf3 Bg7 10. 0-0 Ne7 11. Bf4 Nbc6 12. Ne2 Nf5 13. Bg4 Nh6 14. Bf3 0-0 15. Qd2 Nf5 16. Bg4 f6 17. Bxf5 exf5 18. exf6 Bxf6 19. Rad1 Re8 20. Be3 Qe7 21. Nf4 Rad8 22. Qc3 g5 23. Nh5 Bh8 24. Rfe1 h6 25. f4 Qf7 26. Ng3 gxf4 27. Bxf4 Bxd4+ 28. Rxd4 Rxe1+ 29. Qxe1 Nxd4 30. Bxh6 f4 31. Qe5 fxg3 32. Qxd4 gxh2+ 33. Kh1 Qg6 34. Qh4 Rd6 35. Bf4 Rf6 36. Be5 Rf1+ 37. Kxh2 Qh7 38. Qxh7+ Kxh7 39. a3 Kg6 40. Kh3 Kf5 41. Bc3 Ke4 42. g4 d4 43. Ba5 d3 44. Bd2 Rf2 45. Be1 Rxb2 46. Bc3 Rc2 47. Bb4 d2 0-1

[Event "HUN-chT2 Maroczy 0910"]
[Site "Hungary"]
[Date "2009.11.22"]
[Round "2"]
[White "Marjanovic, Annamaria"]
[Black "Balsai, Nikolett"]
[Result "0-1"]
[WhiteElo "1690"]
[BlackElo "1939"]
[PlyCount "78"]
[EventDate "2009.11.08"]
[EventType "team-tourn"]
[EventRounds "11"]
[EventCountry "HUN"]
[SourceTitle "EXT 2011"]
[Source "ChessBase"]
[SourceDate "2010.11.26"]
[SourceVersion "1"]
[SourceVersionDate "2010.11.26"]
[SourceQuality "1"]
[WhiteTeam "Maroczy"]
[BlackTeam "Fenstherm"]
[WhiteTeamCountry "HUN"]
[BlackTeamCountry "HUN"]

1. e4 e5 2. Nf3 Nc6 3. Bb5 Bc5 4. Nxe5 Qh4 5. 0-0 Nxe5 6. d4 a6 7. Be2 Bxd4 8. Qxd4 Qf6 9. Be3 Nc6 10. Qxf6 Nxf6 11. Nc3 d6 12. Nd5 Nxd5 13. exd5 Nb4 14. c4 Nc2 15. Rac1 Nxe3 16. fxe3 0-0 17. Rce1 Re8 18. Bh5 g6 19. Bf3 Bd7 20. Rf2 Re5 21. e4 Rae8 22. b3 Kg7 23. Kf1 f5 24. Rfe2 f4 25. Kf2 g5 26. h3 Kg6 27. g4 fxg3+ 28. Kxg3 Rf8 29. Bg2 h5 30. Rf1 Rxf1 31. Bxf1 h4+ 32. Kf3 Kh5 33. Rg2 Bxh3 34. Rg1 Bd7 35. Be2 Re7 36. Ke3+ g4 37. Bd1 Rf7 38. Be2 h3 39. Rh1 Kh4 0-1

[Event "Nyiregyhaza op"]
[Site "Nyiregyhaza"]
[Date "2008.07.27"]
[Round "7"]
[White "Halasz, Zoltan"]
[Black "Balsai, Nikolett"]
[Result "0-1"]
[WhiteElo "1798"]
[BlackElo "1917"]
[PlyCount "56"]
[EventDate "2008.07.23"]
[EventType "swiss"]
[EventRounds "7"]
[EventCountry "HUN"]
[SourceTitle "EXT 2009"]
[Source "ChessBase"]
[SourceDate "2008.11.26"]
[SourceVersion "1"]
[SourceVersionDate "2008.11.26"]
[SourceQuality "1"]

1. e4 e5 2. g3 Bc5 3. Nc3 d6 4. d3 Nc6 5. Be3 Bxe3 6. fxe3 Nge7 7. Bg2 0-0 8. Nge2 f5 9. Qd2 fxe4 10. Bxe4 d5 11. Bg2 Bg4 12. h3 Bxe2 13. Qxe2 d4 14. Bxc6 Nxc6 15. Ne4 Qd5 16. a3 dxe3 17. Qxe3 Nd4 18. Kd2 Rf3 19. Qg5 Nb3+ 20. Ke2 Nxa1 21. Kxf3 Rf8+ 22. Kg4 Nxc2 23. Rc1 Qxd3 24. Qxe5 Ne3+ 25. Kh4 Ng2+ 26. Kh5 Qf3+ 27. Kg5 Qe3+ 28. Kg4 h5+ 0-1

[Event "Nyiregyhaza op"]
[Site "Nyiregyhaza"]
[Date "2008.07.24"]
[Round "2"]
[White "Balsai, Nikolett"]
[Black "Gara, Ticia"]
[Result "0-1"]
[WhiteElo "1917"]
[BlackElo "2319"]
[PlyCount "62"]
[EventDate "2008.07.23"]
[EventType "swiss"]
[EventRounds "7"]
[EventCountry "HUN"]
[SourceTitle "EXT 2009"]
[Source "ChessBase"]
[SourceDate "2008.11.26"]
[SourceVersion "1"]
[SourceVersionDate "2008.11.26"]
[SourceQuality "1"]

1. e4 c5 2. Nf3 d6 3. b3 Nc6 4. Bb2 e5 5. Nc3 g6 6. Nd5 Bg7 7. Be2 f5 8. d3 Nge7 9. c4 Nxd5 10. cxd5 Ne7 11. Nd2 0-0 12. Qc2 g5 13. f3 Ng6 14. g3 Qe7 15. 0-0-0 Bd7 16. Nc4 b5 17. Ne3 f4 18. gxf4 exf4 19. Nf1 Ne5 20. Nd2 a5 21. Rdg1 a4 22. Nb1 axb3 23. axb3 Ra2 24. Nc3 Rxb2 25. Qxb2 b4 26. d4 bxc3 27. Qxc3 cxd4 28. Qd2 d3 29. Bd1 Ra8 30. Qb4 Ra2 31. Kb1 Nc6 0-1

[Event "HUN-chT2 Maroczy 0708"]
[Site "Hungary"]
[Date "2007.10.14"]
[Round "1"]
[White "Balsai, Nikolett"]
[Black "Csomor, Viktor"]
[Result "1/2-1/2"]
[WhiteElo "1887"]
[BlackElo "1874"]
[PlyCount "54"]
[EventDate "2007.10.14"]
[EventType "team"]
[EventRounds "11"]
[EventCountry "HUN"]
[SourceTitle "EXT 2009"]
[Source "ChessBase"]
[SourceDate "2008.11.26"]
[SourceVersion "1"]
[SourceVersionDate "2008.11.26"]
[SourceQuality "1"]
[WhiteTeam "Fuzesabony"]
[BlackTeam "Penzugyor"]
[WhiteTeamCountry "HUN"]
[BlackTeamCountry "HUN"]

1. e4 e6 2. d4 d5 3. exd5 exd5 4. Bd3 Bd6 5. c3 c6 6. Be3 Nf6 7. Nf3 Bg4 8. Nbd2 0-0 9. 0-0 Qc7 10. Qc2 Nbd7 11. h3 Bh5 12. Rfe1 Rfe8 13. Bg5 Bg6 14. Bxg6 hxg6 15. Bxf6 Nxf6 16. Nb3 Ne4 17. Re2 Re7 18. Rae1 Rae8 19. Nbd2 Nxd2 20. Qxd2 Rxe2 21. Rxe2 Rxe2 22. Qxe2 Qe7 23. Kf1 Qxe2+ 24. Kxe2 Kf8 25. Ke3 Ke7 26. Nd2 Ke6 27. f4 Be7 1/2-1/2

[Event "HUN-chT2 Maroczy 0405"]
[Site "Hungary"]
[Date "2004.10.10"]
[Round "2"]
[White "Jacso, Adam"]
[Black "Balsai, Nikolett"]
[Result "1-0"]
[WhiteElo "2027"]
[BlackElo "1970"]
[PlyCount "85"]
[EventDate "2004.09.26"]
[EventType "team"]
[EventRounds "11"]
[EventCountry "HUN"]
[SourceTitle "EXT 2008"]
[Source "ChessBase"]
[SourceDate "2007.11.25"]
[SourceVersion "1"]
[SourceVersionDate "2007.11.25"]
[SourceQuality "1"]
[WhiteTeam "Matra"]
[BlackTeam "Sarospatak"]
[WhiteTeamCountry "HUN"]
[BlackTeamCountry "HUN"]

1. d4 d5 2. c4 Bf5 3. cxd5 Bxb1 4. Rxb1 Qxd5 5. Nf3 e6 6. Bd2 Nf6 7. Qc2 c6 8. e3 Nbd7 9. Bc4 Qd6 10. 0-0 Be7 11. a3 Qc7 12. Rfd1 0-0 13. Rbc1 Rac8 14. Ba2 Qb6 15. h3 Rfd8 16. e4 Nf8 17. Be3 Qa5 18. Ne5 Ng6 19. Nc4 Qc7 20. b4 e5 21. dxe5 Nxe5 22. Bxa7 Nxc4 23. Qxc4 Bd6 24. Be3 Ra8 25. Rd3 Rd7 26. Rcd1 Rxa3 27. Rxd6 Rxd6 28. Rxd6 Rxa2 29. Qxa2 Qxd6 30. Qa8+ Qf8 31. Qxb7 Nxe4 32. Qxc6 Nf6 33. b5 Qb8 34. b6 Ne8 35. b7 Nd6 36. Bf4 Qxb7 37. Qxd6 h6 38. Qb8+ Qxb8 39. Bxb8 Kh7 40. f4 h5 41. Kf2 g6 42. Kf3 f5 43. Kg3 1-0

[Event "Fuzesabony op"]
[Site "Fuzesabony"]
[Date "2004.08.28"]
[Round "5"]
[White "Sandor, Tamas"]
[Black "Balsai, Nikolett"]
[Result "1-0"]
[WhiteElo "2046"]
[BlackElo "1970"]
[PlyCount "69"]
[EventDate "2004.08.26"]
[EventType "swiss"]
[EventRounds "7"]
[EventCountry "HUN"]
[SourceTitle "EXT 2008"]
[Source "ChessBase"]
[SourceDate "2007.11.25"]
[SourceVersion "1"]
[SourceVersionDate "2007.11.25"]
[SourceQuality "1"]

1. Nf3 d5 2. b3 Bf5 3. Bb2 e6 4. e3 c5 5. Bb5+ Nd7 6. Ne5 Ngf6 7. g4 Bg6 8. g5 Bh5 9. f3 a6 10. gxf6 axb5 11. Nxd7 Kxd7 12. Qe2 gxf6 13. Qxb5+ Kc7 14. Qe2 Rg8 15. Nc3 Bg7 16. Rg1 Qd7 17. Nb5+ Kb6 18. a4 Bh8 19. 0-0-0 Rxg1 20. Rxg1 Bg6 21. d4 c4 22. Ba3 cxb3 23. Bc5+ Kc6 24. cxb3 b6 25. Bb4 Kb7 26. Kb2 e5 27. Rc1 Bg7 28. Rc7+ Qxc7 29. Nxc7 Kxc7 30. Qb5 Rd8 31. a5 Rb8 32. axb6+ Kb7 33. Ba5 Rc8 34. Qd7+ Kb8 35. Qa7# 1-0

[Event "Fuzesabony op"]
[Site "Fuzesabony"]
[Date "2004.08.27"]
[Round "3"]
[White "Hevesi, Zoltan"]
[Black "Balsai, Nikolett"]
[Result "1-0"]
[WhiteElo "2163"]
[BlackElo "1970"]
[PlyCount "41"]
[EventDate "2004.08.26"]
[EventType "swiss"]
[EventRounds "7"]
[EventCountry "HUN"]
[SourceTitle "EXT 2008"]
[Source "ChessBase"]
[SourceDate "2007.11.25"]
[SourceVersion "1"]
[SourceVersionDate "2007.11.25"]
[SourceQuality "1"]

1. f4 d5 2. Nf3 Bf5 3. d3 Nf6 4. g3 Nc6 5. Bg2 e6 6. 0-0 Bc5+ 7. e3 0-0 8. h3 h5 9. Nh4 Qe7 10. Kh2 Rad8 11. Qe2 Bh7 12. Nd2 e5 13. f5 g5 14. fxg6 fxg6 15. Nb3 Bb6 16. e4 Nd4 17. Nxd4 exd4 18. Bh6 Rf7 19. e5 Re8 20. Rae1 Nd7 21. Bxd5 1-0

[Event "Eger Agria op"]
[Site "Eger"]
[Date "2004.07.22"]
[Round "6"]
[White "Balsai, Nikolett"]
[Black "Antal, Laszlo"]
[Result "0-1"]
[WhiteElo "1970"]
[BlackElo "2182"]
[PlyCount "76"]
[EventDate "2004.07.17"]
[EventType "swiss"]
[EventRounds "9"]
[EventCountry "HUN"]
[SourceTitle "EXT 2008"]
[Source "ChessBase"]
[SourceDate "2007.11.25"]
[SourceVersion "1"]
[SourceVersionDate "2007.11.25"]
[SourceQuality "1"]

1. e4 e5 2. Nf3 Nc6 3. Bc4 Bc5 4. d3 Nf6 5. Bg5 d6 6. h3 Be6 7. Nc3 Bb4 8. Bb5 h6 9. Bh4 0-0 10. 0-0 Nb8 11. Ne2 c6 12. Ba4 Nbd7 13. c3 Ba5 14. Bxf6 Qxf6 15. d4 Rad8 16. Ng3 Bc4 17. Re1 Rfe8 18. Bb3 Ba6 19. d5 c5 20. Nh5 Qe7 21. Nh2 c4 22. Bc2 b5 23. a3 Nf8 24. Ng4 Bc8 25. Qf3 Nh7 26. Ne3 g6 27. Ng3 Bb6 28. a4 a6 29. axb5 axb5 30. Ra2 Qh4 31. Ne2 Kh8 32. Qg3 Qe7 33. Ng4 h5 34. Ne3 h4 35. Qh2 Qg5 36. Nf1 f5 37. g3 Rf8 38. Kh1 fxe4 0-1